00412nam a2200157Ia 45000010006000000050017000060080041000230410008000640820014000721000039000862450076001252600009002013000028002106500008002386540008002461748520260306171521.0260306s9999||||xx |||||||||||||| ||und|| aESP a658bP46A aPérez López, Juan AntonioeAUT 0aIntroducción a la dirección de empresas:bla decisiones de gobierno c2009 a104 páginas :c20 cm. aGEN aCAN